Los Algarrobos tambien sueñan / (Registro nro. 13289)

Detalles MARC
000 -LIDER
fixed length control field 01048nam a2200325Ia 4500
001 - NÚMERO DE CONTROL
Identificador de número de control 7056
003 - IDENTIFICACDOR DE NÚMERO DE CONTROL
control field DO-SdBNP
005 - DATE AND TIME OF LATEST TRANSACTION
control field 20240705085245.0
008 - ELEMENTOS DE LONGITUD FIJA
fixed length control field 140604s 1977 dr 000 0 spa
020 ## - ISBN
International Standard Book Number 9993432210
040 ## - FUENTE DE CATALOGACIÓN
Agencia que crea de manera original el registro BPMSU
Idioma de catalogación spa
Agencia que realiza la transcripción BPMSU
082 #4 - NÚMERO DE CLASIFICACIÓN DECIMAL DE DEWEY
Classification number RD863.44
Item number D542a, 1977
Edition number 22
092 ## - LOCALLY ASSIGNED DEWEY DECIMAL CALL NUMBER
Número de clasificación
100 1# - ASIENTO PRINCIPAL -- NOMBRE PERSONAL
Nombre personal Díaz Grullón, Virgilio,
Fechas asociadas con el nombre 1924-2001
245 14 - MENCIÓN DE TITULO
Título Los Algarrobos tambien sueñan /
Mención de responsabilidad Virgilio Díaz Grullón
246 14 - VARIACION DEL TÍTULO
Título propiamente dicho o título corto Los Algarrobos también sueñan :
Subtítulo novela
250 ## - MENCIÓN DE EDICION
Mención de edición
260 ## - PUBLICACIÓN, DISTRIBUCIÓN, ETC. (PIE DE IMPRENTA)
Lugar de publicación, distribución, etc Santo Domingo :
Nombre del editor, distribuidor, etc. Editora Cole,
Fecha de publicación, distribución, etc 1977
300 ## - DESCRIPCIÓN FÍSICA
Extensión 79 p. :
Otros detalles físicos il. ;
Dimensiones 20 cm.
500 ## - NOTA GENERAL
Nota general Premio Nacional de Novela, 1977
500 ## - NOTA GENERAL
Nota general Incluye datos biográficos del autor en la solapa de la cubierta
586 ## - AWARDS NOTE
Awards note Premio Nacional Manuel de Jesús Galván, 1977
590 ## - NOTA LOCAL
Texto de la nota local Inventariado, 2024/VM
650 #4 - ENCABEZAMIENTO DE MATERIA--TEMÁTICO
Término temático o nombre geográfico como elemento de entrada Novela histórica dominicana
650 #4 - ENCABEZAMIENTO DE MATERIA--TEMÁTICO
Término temático o nombre geográfico como elemento de entrada Literatura dominicana
852 ## - LOCALIZACIÓN
Número de copia 1
856 ## - UBICACIÓN ELECTRÓNICA Y ACCESO
Materiales especificados Archivo Digital Biblioteca Nacional
910 ## - VALIDACIÓN
Validación VMateo V. Control de calidad. BPMSU
942 ## - ADDED ENTRY ELEMENTS (KOHA)
Source of classification or shelving scheme Dewey Decimal Classification
Koha item type Libros
Existencias
Withdrawn status Lost status Source of classification or shelving scheme Damaged status Not for loan Collection code Home library Current library Date acquired Source of acquisition Full call number Barcode Date last seen Price effective from Koha item type
    Dewey Decimal Classification     Colección Dominicana Biblioteca Pública Metropolitana Salomé Ureña Biblioteca Pública Metropolitana Salomé Ureña 02/13/2018 Chiqui V. Fidelio BPMSU CD RD863.44 D542a 1977 BPMSU18020139 02/13/2018 02/13/2018 Libros